000 00738nam a22001937a 4500
999 _c11627
_d11627
003 AR-CdUCM
008 190404b ||||| |||| 00| 0 spa d
040 _aMUNICIPALIDAD PROVINCIAL DEL CUSCO
_cBIBLIOTECA MUNICIPAL DEL CUSCO
082 _a869.812 /
_bS65 / 1938
100 _aSoiza Reilly, Ivan Jose de
_929085
245 _aCrónicas de amor de belleza y de sangre /
260 _aBuenos Aires :
_bAlfredo Angulo,
_c1938.
300 _a94 páginas ;
_c18 cm.
505 _aPalabras interiores -- La nobleza en el teatro -- El niño que se cayo de la cuna -- Las aventuras de un poeta bohemia -- Historia humana de dos balas perdidas...
650 _aLiteratura.
_983
650 _aNovela.
_95
942 _2ddc
_cLIBROS
945 _awfj